| 000 | 00385nmm a2200145Ia 4500 | ||
|---|---|---|---|
| 008 | 251105s9999||||xx |||||||||||||||||und|| | ||
| 041 | _aspa | ||
| 100 | _aShowalter, Gena | ||
| 245 | 0 | _aPasiones oscuras | |
| 264 |
_a[Madrid, España] : _bHarlequin, _c2010 |
||
| 300 | _a316 páginas | ||
| 650 | _aRomance | ||
| 856 | _uhttps://public.digitaliapublishing.com/a/38347 | ||
| 942 | _cCF | ||
| 999 |
_c104322 _d104322 |
||